Storočie šakalov /

Gespeichert in:
Bibliographische Detailangaben
1. Verfasser: BOROVIČKA, V.P (Verfasst von)
Format: Buch
Sprache:Slowakisch
Veröffentlicht: Bratislava Obzor 1987
Ausgabe:1. vydanie
Schriftenreihe:Periskop
Tags: Tag hinzufügen
Keine Tags, Fügen Sie das erste Tag hinzu!

MARC

LEADER 00000nam a22000003a 4500
001 0102376
003 SK-STU
005 20230605145829.4
007 ta
008 230605s ----xo-----e------000-0-----d
040 |a STU  |b slo 
041 0 |a slo 
044 |a xo 
100 1 |a BOROVIČKA, V.P.  |4 aut 
245 1 0 |a Storočie šakalov /  |c aut. V.P BOROVIČKA 
250 |a 1. vydanie 
260 |a Bratislava  |b Obzor  |c 1987 
300 |a 496 s. 
490 0 |a Periskop 
996 |c I* 4SOA13922  |l I  |s A  |a 24  |w 0102376_0001